MDQL
is popping MORE tags! Check the
thread
!
Quizzes
Events
Quiz Creation
Community
Videos
Private Events
Remove Ads
Sign In
Join for FREE
Feedback
Dark Mode
Quiz Categories
Sports
Geography
Music
Movies
Television
Just For Fun
Miscellaneous
History
Literature
Language
Science
Gaming
Entertainment
Religion
Holiday
For Kids
Quiz Lab
Recent
Popular Today
Quiz Kudos Today
Editor Picks
Curator Picks
Quizzes by...
Day
Popularity
Type
Ratings
Length
Year
Community
Subscriptions
Recent Discussions
Orange Saloon
Badges
Playlists
Quests
Create
Leaderboards
Showdown
Live 5
Trivia Bingo
Activity
Puzzle Library
Sporcle Events
Private Events
Virtual Trivia
Globe League
Become a Host
Pub Owners
SporcleCon
Opinionation
Our Games
Videos
Blog
Mobile Apps
Partnerships
Remove Ads and Go Orange
Feedback
Music
Pop Music
The Beatles
Song
Album
Lyrics
Bands
Singers
Artist
Clip
Rock
Rap
Classical
Billboard
Country Music
Kpop
Taylor Swift
Music
Pop Music
The Beatles
Song
Album
Lyrics
Bands
Singers
Artist
Clip
Rock
Rap
Classical
Billboard
Country Music
Kpop
Taylor Swift
Random Quiz
Search Sporcle
×
Quiz Lab
Quiz Lab
Music
Missing Word
Type in answers that appear in a list
Type in answers that appear in a list
Classic
Best Score? Go Orange.
Missing Word: Band Names Stats
Can you name the word that is missing from these rock bands?
By
Ben
2m
20 Questions
383 Plays
383 Plays
383 Plays
Comments
Comments
Give Quiz Kudos
Give Quiz Kudos
-
- Ratings
hide this ad
Replay
Link that replays current quiz
Next Quiz
Link to next quiz in quiz playlist
You Got
0%
They Got
Avg Score
53%
Avg Friend Score
Upgrade to see
Score Distribution
Jump to the score distribution portion of the page
Score
0/20
Timer
02:00
0
Plays Today
Band
Missing Word
% Correct
Fall Out _
_
_
_
Boy
96.1%
My _
_
_
_
_
_
_
_
Romance
Chemical
94%
Blink _
_
_
_
182
92.1%
_
_
_
_
_
_
Eat World
Jimmy
90.3%
Bowling For _
_
_
_
_
Soup
84.3%
Boys Like _
_
_
_
_
Girls
74.6%
New _
_
_
_
_
_
Glory
Found
72.3%
_
_
_
_
_
Than Jake
Less
60.7%
Hidden in _
_
_
_
_
View
Plain
58.9%
Mighty Mighty _
_
_
_
_
_
_
_
_
_
Bosstones
53.7%
Band
Missing Word
% Correct
Cute is What We _
_
_
_
For
Aim
47.6%
_
_
_
_
_
_
_
City Soundtrack
Motion
46.9%
Unwritten _
_
_
_
Law
34.8%
Forever the _
_
_
_
_
_
_
_
Kids
Sickest
31.4%
No Use for a _
_
_
_
Name
29.8%
The _
_
_
_
_
_
_
_
Is....
Academy
28%
Ten Foot _
_
_
_
_
Pole
23.6%
Bouncing _
_
_
_
_
_
Souls
22.5%
The Early _
_
_
_
_
_
_
_
_
November
13.6%
Lucky Boys _
_
_
_
_
_
_
_
_
_
Confusion
7.6%
Quiz Playlist
Details
Report
Send in Message
Add To Playlist
Classic:
Type in answers that appear in a list
Last Updated: Feb 16, 2017
Quiz Scoreboard
CHALLENGE
Sign Up to Join the Scoreboard
Show All
Scores
Hide
Comments
May contain spoilers
Recently Published
1-10 Letter E Words III
by El_Dandy
Language
2m
Street Fighter Characters
by Artimus82
Gaming
60s
College Basketball Coaching Resumes
by pancakes188
Sports
9m
More to Explore
Quiz From the Vault
Featured Blog Post
Where Did the Easter Bunny Come From?
hide this ad
You Might Also Like...
Tags
Bands Quiz
Missing Word Quiz
Rock Quiz
punk
Today's Top Quizzes in Music
Browse Music
hide this ad
Today's Top Quizzes in Missing Word
Browse Missing Word
Top Contributed Quizzes in Music
1
Taylor Swift All Songs (2024)
2
Taylor Swift Logic Puzzle
3
Guess the Artist- 70s Songs
4
7-to-1: Billboard Hot 100 #1 Hits of 2010s
5
Sorting Albums and Songs
6
Billboard Blitz: Aretha Franklin
7
KPOP LOGIC QUIZ
8
Guess the Taylor Swift song (Mystery Song)
9
Guess The Taylor Swift Lyrics Song #1
10
Billboard Blitz: ABBA
Explore More
Trending Topics
Disney
NBA
Marvel
Harry Potter
Crossword
Anime
Kpop
Soccer
WWE
Puzzle
The Office
Pokémon
NFL
Song
Country
hide this ad
More By:
Ben
Quiz
Plays
Rating
Category
Featured
Created
Disney Songs
2,283,198
4.12
Movies
Jan 30, 2009
NCAA Helmets
1,114,973
4.54
Sports
Oct 16, 2009
NBA Finals MVPs
920,614
4.69
Sports
Nov 28, 2008
4-Letter Countries
879,011
4.70
Geography
Feb 19, 2009
Candy Slogans
861,500
3.93
Entertainment
May 15, 2009
Go to Creator's Profile
Score Distribution
Quiz Creator Spotlight
Ben
Follow
Send a Message
Quizzes Created
-
Created Quiz Play Count
-
More By This Creator
Popular Quizzes Today
1
Find the US States - No Outlines Minefield
2
Find the Countries of Europe - No Outlines Minefield
3
The Countries of the World
4
Find the US States
5
Risky Map Clicking: Biggest States A-Z
6
US States
7
Popular People in 1961
8
Movies - When Are They Set?
More Music Quizzes
Slipknot or One Direction?
Editor's Pick
Trending Quizzes
Risky Map Clicking: Least Populous States A-Z
Billboard Blitz: Aretha Franklin
Famous Russians: Author or Composer?
1-10 Letter G Words
Countries of the World: 200 Million BC
Recently Updated
Leaping Animals
pecheneg
Reality TV Shows (A-Z)
bhenderson79
Rickey Henderson's Hall of Fame Teammates
pecheneg
Champions League XIs: Arsenal
pecheneg
Quick Pick: Celebrities in WWE's Hall of Fame
aduchscher
A-Z Keypad Blitz II
pecheneg
Multiple Oscar Actors
pecheneg
Mystery Phrase Blitz: Oscar 'Best Actors'
pecheneg
F. Scott Fitzgerald Novels
LTH
Pick 3 Villains
ddd62291
Trending Topics
NBA
Anime
Crossword
Kpop
Disney
Harry Potter
Marvel
NFL
The Office
Pokémon
Song
Country
WWE
Soccer
Puzzle
Your Account Isn't Verified!
In order to create a playlist on Sporcle, you need to verify the email address you used during registration. Go to your
Sporcle Settings
to finish the process.
Report this User
Report this user for behavior that violates our
Community Guidelines
.
Details:
Send Report
Go to the Sporcle.com Mobile Site →
Comments